liste des destinations touristiques dans l'ordre - Statistiques

Statistiques générales
  • Ce quiz a été pris 115 fois
  • Le résultat moyen est 7 sur 9
Statistiques - réponses
Par images Réponse % Correct
France
100%
Etats-Unis
99%
Chine
98%
Royaume-Uni
94%
Espagne
93%
Allemagne
69%
Thaïlande
50%
Mexique
35%
Turquie
26%
Aucun quiz correspondant
Distribution des résultats
% des personnes avec chaque résultat
Percentile par nombre de réponses
Votre historique - résultats
Vous n’avez pas pris ce quiz